000 01107 a2200229 4500
001 49892
005 20260407155759.0
008 260407a2003 arg spa d
003 AR-UNSa-BCEJYS
040 _aAR-UNSa-BCEJYS
_bspa
_cAR-UNSa-BCEJYS
080 _a504.03
_xAspectos sociales y socioeconómicos del impacto del hombre sobre el medio ambiente. Ecología social ( Economía ambiental)
245 1 0 _aEconomía ambiental
_pun análisis critico
020 _a970-15-0853-X
264 1 _aMéxico :
_bAlfaomega Grupo Editor
_c2003
300 _axvi, 334 p.
_c23 cm.
505 _a1. La economía y el ambiente - 2. Personalidades - 3. Instituciones - 4. Desarrollo sostenible - 5. Reglamentos directos - 6. Instrumentos económicos - 7. Análisis y valoración costo-beneficio - 8. Problemas del aire, el suelo y el agua - 9. Calentamiento global - 10. Población y calidad de vida.
041 _aspa
942 _cBK
590 _aniveau_biblio:m niveau_hierar:0
100 1 _aGilpin, Alan
856 4 1 _uhttps://www.biblioeco.unsa.edu.ar/pmb/images/libros/L128216.jpg
_yImagen de portada
_qimage/jpeg
999 _c4906
_d4906